Statistiques concernant Plus grande frontière par pays

Cliquez ici pour prendre le quiz!

Statistiques générales

  • Ce quiz a été pris 141 fois
  • Le résultat moyen est 16 sur 20

Statistiques - réponses

PaysPays frontalier% Correct
LesothoAfrique du Sud
100%
TunisieAlgérie
100%
Pays-BasAllemagne
100%
AutricheAllemagne
100%
QatarArabie Saoudite
100%
OmanArabie Saoudite
100%
JordanieArabie Saoudite
100%
Émirats Arabes UnisArabie Saoudite
100%
AllemagneAutriche
100%
BrésilBolivie
100%
UruguayBrésil
100%
FranceBrésil
100%
GuyanaBrésil
100%
PérouBrésil
100%
GrèceBulgarie
100%
États-UnisCanada
100%
ArgentineChili
100%
MongolieChine
100%
VenezuelaColombie
100%
Corée du SudCorée du Nord
100%
PanamaCosta Rica
100%
LibériaCôte d'Ivoire
100%
Bosnie-HerzégovineCroatie
100%
LibyeÉgypte
100%
PortugalEspagne
100%
MexiqueÉtats-Unis
100%
CanadaÉtats-Unis
100%
SomalieÉthiopie
100%
MonacoFrance
100%
BelgiqueFrance
100%
SurinameGuyana
100%
République dominicaineHaïti
100%
NépalInde
100%
BhoutanInde
100%
PakistanInde
100%
Papouasie-Nouvelle-GuinéeIndonesie
100%
IrakIran
100%
Royaume-UniIrlande
100%
VaticanItalie
100%
SuisseItalie
100%
Viet NamLaos
100%
EstonieLettonie
100%
LettonieLituanie
100%
MauritanieMali
100%
Burkina FasoMali
100%
AlgérieMaroc
100%
SénégalMauritanie
100%
HondurasNicaragua
100%
NigerNigéria
100%
SuèdeNorvège
100%
ÉquateurPérou
100%
République TchèquePologne
100%
EspagnePortugal
100%
République centrafricaineRépublique démocratique du Congo
100%
AngolaRépublique démocratique du Congo
100%
HaïtiRépublique dominicaine
100%
BulgarieRoumanie
100%
IrlandeRoyaume-Uni
100%
UkraineRussie
100%
GambieSénégal
100%
ÉthiopieSoudan
100%
NorvègeSuède
100%
LibanSyrie
100%
GhanaTogo
100%
ColombieVenezuela
100%
LaosViet Nam
100%
Arabie SaouditeYémen
100%
NamibieAngola
92%
Macédoine du NordGrèce
90%
IranIrak
88%
CambodgeViet Nam
88%
YemenArabie Saoudite
86%
AndorreEspagne
86%
BangladeshInde
86%
RussieKazakhstan
86%
AfghanistanPakistan
86%
FinlandeRussie
86%
ÉgypteSoudan
86%
LituanieBiélorussie
83%
RwandaBurundi
83%
ÉrythréeÉthiopie
83%
SalvadorHonduras
83%
TanzanieKenya
83%
ZimbabweMozambique
83%
KazakhstanRussie
83%
GuatemalaMexique
82%
BirmanieChine
80%
NicaraguaHonduras
80%
BurundiTanzanie
80%
SyrieTurquie
80%
Saint-MarinItalie
78%
BotswanaAfrique du Sud
75%
ChiliArgentine
75%
LuxembourgBelgique
75%
CroatieBosnie-Herzégovine
75%
Afrique du SudBotswana
75%
NigériaCameroun
75%
SlovaquieHongrie
75%
OuzbékistanKazakhstan
75%
OugandaKenya
75%
MarocMauritanie
75%
MaliMauritanie
75%
CamerounNigéria
75%
République du CongoRépublique démocratique du Congo
75%
BiélorussieRussie
75%
MoldavieUkraine
75%
DjiboutiÉthiopie
71%
ThaïlandeBirmanie
70%
DanemarkAllemagne
67%
ArménieAzerbaidjan
67%
BolivieBrésil
67%
Corée du NordChine
67%
TogoGhana
67%
Sierra LeoneGuinée
67%
SerbieRoumanie
67%
GéorgieRussie
67%
LiechtensteinSuisse
67%
BelizeMexique
64%
EswatiniAfrique du Sud
63%
MozambiqueMalawi
63%
KosovoSerbie
63%
AlbanieGrèce
60%
Guinée-BissauGuinée
60%
ItalieSuisse
60%
TadjikistanAfghanistan
57%
IndeBangladesh
57%
IsraëlÉgypte
57%
République démocratique du CongoAngola
50%
ParaguayArgentine
50%
AzerbaidjanArménie
50%
RoumanieBulgarie
50%
SoudanÉthiopie
50%
Guinée équatorialeGabon
50%
Timor orientalIndonésie
50%
MalaisieIndonésie
50%
KoweïtIrak
50%
BruneiMalaisie
50%
IndonésieMalaisie
50%
TurkménistanOuzbékistan
50%
ZambieRépublique démocratique du Congo
50%
GabonRépublique du Congo
50%
Soudan du SudRépublique démocratique du Congo
44%
SlovénieCroatie
43%
GuinéeMali
43%
TchadSoudan
43%
TurquieSyrie
43%
BéninNigéria
40%
Côte d'IvoireLibéria
38%
KenyaOuganda
33%
PologneRépublique Tchèque
33%
HongrieSlovaquie
33%
Costa RicaPanama
20%
MonténégroBosnie-Herzgéovine
0%
ChineMongolie
0%
MalawiMozambique
0%
KirghizistanOuzbékistan
0%
ChypreRoyaume-Uni
0%

Distribution des résultats

Percentile par nombre de réponses

% des personnes avec chaque résultat

Votre développement - résultats

Vous n’avez pas pris ce quiz